[Event "9. Forchheimer Sparkassen Open 2010"]
[Site "Forchheim"]
[Date "2010.10.03"]
[Round "4.58"]
[White "Meier, Hans"]
[Black "Buhl, Eberhard"]
[Result "1-0"]
[WhiteElo "1095"]
[BlackElo "1186"]
[PlyCount "93"]
[EventDate "2010.??.??"]
[WhiteTeam "SV Aham"]
[BlackTeam "SC Forchheim e.V."]

1. e4 c5 2. Nf3 Nc6 3. d4 d6 4. d5 Nb4 5. c3 Na6 6. Be2 Nc7 7. c4 Bg4 8. Qd3
Nf6 9. h3 Bh5 10. O-O Bg6 11. Nbd2 Nh5 12. Qe3 e5 13. b3 Be7 14. Bb2 O-O 15.
Ne1 Bg5 16. Qc3 Nf4 17. Bg4 h5 18. Bd1 Na6 19. Kh2 h4 20. Nef3 Bf6 21. Kh1 Qc8
22. Nh2 Nb4 23. Ba3 Nbd3 24. Bc2 b5 25. Bxd3 b4 26. Bxb4 cxb4 27. Qc2 Bh5 28.
Ndf3 Nxh3 29. gxh3 Qxh3 30. Be2 g5 31. Qd2 g4 32. Ng5 Bxg5 33. Qxg5+ Bg6 34.
Bxg4 Kh7 35. Bxh3 Bxe4+ 36. Bg2 Bxg2+ 37. Qxg2 Rg8 38. Ng4 Kh8 39. Rg1 f5 40.
Qh3 Rg7 41. Nf6 Rg4 42. Nxg4 Kg7 43. Nxe5+ Kf6 44. Nd7+ Ke7 45. Qxf5 Rh8 46.
Rae1+ Kd8 47. Qf6+ 1-0

[Event "9. Forchheimer Sparkassen Open 2010"]
[Site "Forchheim"]
[Date "2010.10.03"]
[Round "5.1"]
[White "von der Linden, Armin"]
[Black "Krauss, Andreas"]
[Result "1/2-1/2"]
[WhiteElo "2013"]
[BlackElo "1897"]
[PlyCount "120"]
[EventDate "2010.??.??"]
[WhiteTeam "SF Zeiler Turm"]
[BlackTeam "SV Deggendorf"]

1. d4 {[%emt 0:00:00]} e6 {[%emt 0:00:01]} 2. c4 {[%emt 0:00:02]} b6 {
[%emt 0:00:02]} 3. Nf3 {[%emt 0:00:03]} Bb7 {[%emt 0:00:01]} 4. Nbd2 {
[%emt 0:00:02]} f5 {[%emt 0:00:02]} 5. Qc2 {[%emt 0:00:07]} Nf6 {[%emt 0:00:02]
} 6. e3 {[%emt 0:00:07]} Be7 {[%emt 0:00:07]} 7. Bd3 {[%emt 0:00:07]} O-O {
[%emt 0:00:11]} 8. e4 {[%emt 0:00:02]} fxe4 {[%emt 0:00:01]} 9. Nxe4 {
[%emt 0:00:02]} Nxe4 {[%emt 0:00:01]} 10. Bxe4 {[%emt 0:00:01]} Bxe4 {
[%emt 0:00:02]} 11. Qxe4 {[%emt 0:00:01]} Nc6 {[%emt 0:00:01]} 12. O-O {
[%emt 0:00:26]} Bf6 {[%emt 0:00:03]} 13. Be3 {[%emt 0:00:02]} Qe8 {
[%emt 0:00:07]} 14. Rad1 {[%emt 0:00:03]} Qh5 {[%emt 0:00:05]} 15. a3 {
[%emt 0:00:02]} a5 {[%emt 0:00:01]} 16. b3 {[%emt 0:00:02]} Rae8 {
[%emt 0:00:03]} 17. Bf4 {[%emt 0:00:02]} d5 {[%emt 0:00:01]} 18. cxd5 {
[%emt 0:00:02]} exd5 {[%emt 0:00:01]} 19. Qc2 {[%emt 0:00:03]} Bd8 {
[%emt 0:00:09]} 20. Bxc7 {[%emt 0:00:04]} Bxc7 {[%emt 0:00:01]} 21. Qxc6 {
[%emt 0:00:03]} Rxf3 {[%emt 0:00:27]} 22. Qxc7 {[%emt 0:00:04]} Rxb3 {
[%emt 0:00:03]} 23. Rb1 {[%emt 0:00:02]} Rxa3 {[%emt 0:00:02]} 24. Rxb6 {
[%emt 0:00:02]} Ra4 {[%emt 0:00:05]} 25. Rb7 {[%emt 0:00:03]} Qg6 {
[%emt 0:00:03]} 26. Qc5 {[%emt 0:00:08]} Qe6 {[%emt 0:00:03]} 27. Qc7 {
[%emt 0:00:04]} Qg6 {[%emt 0:00:00]} 28. Qc5 {[%emt 0:00:03]} Qe4 {
[%emt 0:00:02]} 29. Qb5 {[%emt 0:00:03]} Rb4 {[%emt 0:00:02]} 30. Qd7 {
[%emt 0:00:01]} Rxb7 {[%emt 0:00:02]} 31. Qxb7 {[%emt 0:00:01]} Qxd4 {
[%emt 0:00:02]} 32. Qb5 {[%emt 0:00:03]} Ra8 {[%emt 0:00:03]} 33. Re1 {
[%emt 0:00:03]} h6 {[%emt 0:00:03]} 34. Qb7 {[%emt 0:00:02]} Rf8 {
[%emt 0:00:02]} 35. Rf1 {[%emt 0:00:02]} a4 {[%emt 0:00:04]} 36. Qe7 {
[%emt 0:00:03]} Rf6 {[%emt 0:00:02]} 37. Qe8+ {[%emt 0:00:02]} Kh7 {
[%emt 0:00:02]} 38. Qe2 {[%emt 0:00:03]} Qc4 {[%emt 0:00:02]} 39. Qb2 {
[%emt 0:00:02]} Qb3 {[%emt 0:00:02]} 40. Qxb3 {[%emt 0:00:02]} axb3 {
[%emt 0:00:02]} 41. Rb1 {[%emt 0:00:04]} Rb6 {[%emt 0:00:03]} 42. Kf1 {
[%emt 0:00:05]} Kg6 {[%emt 0:00:04]} 43. Ke2 {[%emt 0:00:03]} Kf5 {
[%emt 0:00:01]} 44. Kd3 {[%emt 0:00:01]} Ke5 {[%emt 0:00:01]} 45. Rb2 {
[%emt 0:00:02]} Kd6 {[%emt 0:00:02]} 46. Kc3 {[%emt 0:00:02]} Kc5 {
[%emt 0:00:07]} 47. Rxb3 {[%emt 0:00:03]} Rxb3+ {[%emt 0:00:02]} 48. Kxb3 {
[%emt 0:00:02]} Kd4 {[%emt 0:00:20]} 49. Kc2 {[%emt 0:01:12]} g5 {
[%emt 0:00:03]} 50. Kd2 {[%emt 0:00:02]} g4 {[%emt 0:00:01]} 51. f3 {
[%emt 0:00:02]} gxf3 {[%emt 0:00:02]} 52. gxf3 {[%emt 0:00:01]} h5 {
[%emt 0:00:03]} 53. h4 {[%emt 0:00:03]} Ke5 {[%emt 0:00:03]} 54. Ke3 {
[%emt 0:00:01]} Kf5 {[%emt 0:00:01]} 55. Kd4 {[%emt 0:00:02]} Kf4 {
[%emt 0:00:02]} 56. Kxd5 {[%emt 0:00:01]} Kxf3 {[%emt 0:00:01]} 57. Ke5 {
[%emt 0:00:10]} Kg4 {[%emt 0:00:01]} 58. Ke4 {[%emt 0:00:01]} Kxh4 {
[%emt 0:00:01]} 59. Kf4 {[%emt 0:00:02]} Kh3 {[%emt 0:00:02]} 60. Kf3 {
[%emt 0:00:01]} Kh2 {[%emt 0:00:01]} 1/2-1/2

[Event "9. Forchheimer Sparkassen Open 2010"]
[Site "Forchheim"]
[Date "2010.10.03"]
[Round "5.2"]
[White "Wabra, Robert"]
[Black "Niebler, Paul"]
[Result "1-0"]
[WhiteElo "1685"]
[BlackElo "1880"]
[PlyCount "67"]
[EventDate "2010.??.??"]
[WhiteTeam "Thüringer SV Triebes"]
[BlackTeam "SV Haunwöhr SAbt"]

1. d4 {[%emt 0:00:00]} d5 {[%emt 0:00:01]} 2. c4 {[%emt 0:00:02]} c6 {
[%emt 0:00:01]} 3. cxd5 {[%emt 0:00:01]} cxd5 {[%emt 0:00:02]} 4. Nc3 {
[%emt 0:00:01]} Nf6 {[%emt 0:00:02]} 5. Nf3 {[%emt 0:00:03]} Nc6 {
[%emt 0:00:01]} 6. h3 {[%emt 0:00:02]} Bf5 {[%emt 0:00:08]} 7. a3 {
[%emt 0:00:13]} e6 {[%emt 0:00:01]} 8. Bf4 {[%emt 0:00:04]} Bd6 {[%emt 0:00:01]
} 9. Bxd6 {[%emt 0:00:03]} Qxd6 {[%emt 0:00:01]} 10. e3 {[%emt 0:00:02]} a6 {
[%emt 0:00:01]} 11. Rc1 {[%emt 0:00:05]} O-O {[%emt 0:00:03]} 12. Bd3 {
[%emt 0:00:03]} Bxd3 {[%emt 0:00:01]} 13. Qxd3 {[%emt 0:00:02]} b5 {
[%emt 0:00:04]} 14. O-O {[%emt 0:00:07]} Na5 {[%emt 0:00:02]} 15. Nd2 {
[%emt 0:00:04]} Nc4 {[%emt 0:00:03]} 16. Nxc4 {[%emt 0:00:02]} bxc4 {
[%emt 0:00:02]} 17. Qc2 {[%emt 0:00:02]} Rfb8 {[%emt 0:00:07]} 18. Rfd1 {
[%emt 0:00:03]} Rb3 {[%emt 0:00:02]} 19. Qe2 {[%emt 0:00:08]} Qc6 {
[%emt 0:00:03]} 20. Rc2 {[%emt 0:00:03]} Rab8 {[%emt 0:00:02]} 21. g3 {
[%emt 0:00:06]} Nd7 {[%emt 0:00:08]} 22. e4 {[%emt 0:00:04]} Nb6 {
[%emt 0:00:03]} 23. Re1 {[%emt 0:00:02]} Na4 {[%emt 0:00:02]} 24. exd5 {
[%emt 0:00:06]} exd5 {[%emt 0:00:02]} 25. Nxd5 {[%emt 0:00:03]} Qd7 {
[%emt 0:00:03]} 26. Nb4 {[%emt 0:00:03]} h6 {[%emt 0:00:07]} 27. Nxa6 {
[%emt 0:00:03]} R8b6 {[%emt 0:00:24]} 28. Qe8+ {[%emt 0:00:05]} Qxe8 {
[%emt 0:00:01]} 29. Rxe8+ {[%emt 0:00:01]} Kh7 {[%emt 0:00:19]} 30. Nc5 {
[%emt 0:00:20]} Nxb2 {[%emt 0:00:03]} 31. Nxb3 {[%emt 0:00:02]} Rxb3 {
[%emt 0:00:02]} 32. d5 {[%emt 0:00:06]} Nd3 {[%emt 0:00:02]} 33. d6 {
[%emt 0:00:06]} Rb1+ {[%emt 0:00:02]} 34. Kh2 {[%emt 0:00:02]} 1-0

[Event "9. Forchheimer Sparkassen Open 2010"]
[Site "Forchheim"]
[Date "2010.10.03"]
[Round "5.3"]
[White "Pikal, Alexander"]
[Black "Thürauf, Peter"]
[Result "0-1"]
[WhiteElo "1876"]
[BlackElo "1920"]
[PlyCount "98"]
[EventDate "2010.??.??"]
[WhiteTeam "SC Ansbach 1855 e.V."]
[BlackTeam "SW Nürnberg Süd e.V."]

1. f4 {[%emt 0:00:00]} d5 {[%emt 0:00:01]} 2. Nf3 {[%emt 0:00:02]} Nf6 {
[%emt 0:00:01]} 3. e3 {[%emt 0:00:02]} g6 {[%emt 0:00:01]} 4. Be2 {
[%emt 0:00:02]} Bg7 {[%emt 0:00:02]} 5. Nc3 {[%emt 0:00:03]} O-O {
[%emt 0:00:02]} 6. O-O {[%emt 0:00:02]} c5 {[%emt 0:00:02]} 7. d3 {
[%emt 0:00:02]} Nc6 {[%emt 0:00:01]} 8. Ne5 {[%emt 0:00:02]} e6 {[%emt 0:00:01]
} 9. Nxc6 {[%emt 0:00:02]} bxc6 {[%emt 0:00:01]} 10. Bf3 {[%emt 0:00:02]} Rb8 {
[%emt 0:00:03]} 11. Ne2 {[%emt 0:00:02]} Nd7 {[%emt 0:00:02]} 12. c3 {
[%emt 0:00:02]} Nb6 {[%emt 0:00:02]} 13. g4 {[%emt 0:00:02]} Qc7 {
[%emt 0:00:02]} 14. Ng3 {[%emt 0:00:03]} Rd8 {[%emt 0:00:02]} 15. Qc2 {
[%emt 0:00:05]} c4 {[%emt 0:00:04]} 16. d4 {[%emt 0:00:02]} c5 {[%emt 0:00:01]}
17. g5 {[%emt 0:00:02]} Bd7 {[%emt 0:00:04]} 18. Qg2 {[%emt 0:00:04]} Bc6 {
[%emt 0:00:02]} 19. h4 {[%emt 0:00:03]} Qe7 {[%emt 0:00:03]} 20. h5 {
[%emt 0:00:02]} Rd7 {[%emt 0:00:02]} 21. Qh2 {[%emt 0:00:13]} Rdb7 {
[%emt 0:00:08]} 22. Rf2 {[%emt 0:00:10]} Na4 {[%emt 0:00:02]} 23. Bd1 {
[%emt 0:00:05]} Nb6 {[%emt 0:00:02]} 24. Qh3 {[%emt 0:00:04]} Bh8 {
[%emt 0:00:02]} 25. Rh2 {[%emt 0:00:04]} Ba4 {[%emt 0:00:02]} 26. b3 {
[%emt 0:00:05]} cxd4 {[%emt 0:00:02]} 27. hxg6 {[%emt 0:00:02]} fxg6 {
[%emt 0:00:02]} 28. exd4 {[%emt 0:00:03]} Bd7 {[%emt 0:00:02]} 29. Qh4 {
[%emt 0:00:03]} Rc8 {[%emt 0:00:02]} 30. Ba3 {[%emt 0:00:07]} Qf7 {
[%emt 0:00:07]} 31. Bc5 {[%emt 0:00:19]} Rxc5 {[%emt 0:00:01]} 32. dxc5 {
[%emt 0:00:02]} Bxc3 {[%emt 0:00:03]} 33. Rc1 {[%emt 0:00:03]} Bd4+ {
[%emt 0:00:01]} 34. Kh1 {[%emt 0:00:03]} Bxc5 {[%emt 0:00:01]} 35. Bf3 {
[%emt 0:00:06]} Be3 {[%emt 0:00:03]} 36. Re1 {[%emt 0:00:02]} Bxf4 {
[%emt 0:00:02]} 37. Nf5 {[%emt 0:00:02]} Bxg5 {[%emt 0:00:03]} 38. Qh3 {
[%emt 0:00:03]} exf5 {[%emt 0:00:07]} 39. bxc4 {[%emt 0:00:03]} Bc6 {
[%emt 0:00:02]} 40. Qg3 {[%emt 0:00:02]} Qf6 {[%emt 0:00:02]} 41. c5 {
[%emt 0:00:02]} Nc4 {[%emt 0:00:01]} 42. Qg2 {[%emt 0:00:02]} Ne3 {
[%emt 0:00:02]} 43. Qd2 {[%emt 0:00:02]} d4 {[%emt 0:00:02]} 44. Bxc6 {
[%emt 0:00:02]} Qxc6+ {[%emt 0:00:02]} 45. Kg1 {[%emt 0:00:08]} Qe4 {
[%emt 0:00:07]} 46. a4 {[%emt 0:00:02]} Kg7 {[%emt 0:00:02]} 47. Qa2 {
[%emt 0:00:02]} Qg4+ {[%emt 0:00:02]} 48. Kh1 {[%emt 0:00:02]} Qf3+ {
[%emt 0:00:01]} 49. Kg1 {[%emt 0:00:02]} Ng4 {[%emt 0:00:02]} 0-1

[Event "9. Forchheimer Sparkassen Open 2010"]
[Site "Forchheim"]
[Date "2010.10.03"]
[Round "5.4"]
[White "Killmann, Martin"]
[Black "Schloetterer, Hermann"]
[Result "1-0"]
[WhiteElo "1766"]
[BlackElo "1980"]
[PlyCount "53"]
[EventDate "2010.??.??"]
[WhiteTeam "SC Forchheim e.V."]
[BlackTeam "SC Noris-Tarrasch Nürnberg 1873"]

1. d4 {[%emt 0:00:00]} Nf6 {[%emt 0:00:01]} 2. c4 {[%emt 0:00:02]} c5 {
[%emt 0:00:01]} 3. d5 {[%emt 0:00:01]} b5 {[%emt 0:00:01]} 4. cxb5 {
[%emt 0:00:02]} a6 {[%emt 0:00:01]} 5. bxa6 {[%emt 0:00:02]} Bxa6 {
[%emt 0:00:02]} 6. Nc3 {[%emt 0:00:02]} g6 {[%emt 0:00:02]} 7. e4 {
[%emt 0:00:02]} Bxf1 {[%emt 0:00:03]} 8. Kxf1 {[%emt 0:00:02]} d6 {
[%emt 0:00:01]} 9. Nf3 {[%emt 0:01:16]} Nbd7 {[%emt 0:00:03]} 10. h3 {
[%emt 0:00:02]} Bg7 {[%emt 0:00:02]} 11. Kg1 {[%emt 0:00:02]} O-O {
[%emt 0:00:02]} 12. Kh2 {[%emt 0:00:02]} Qa5 {[%emt 0:00:05]} 13. Qc2 {
[%emt 0:00:02]} Rfb8 {[%emt 0:00:05]} 14. Bd2 {[%emt 0:00:02]} Rb7 {
[%emt 0:00:01]} 15. Rhe1 {[%emt 0:00:02]} Nh5 {[%emt 0:00:02]} 16. Nd1 {
[%emt 0:00:02]} Qa6 {[%emt 0:00:02]} 17. Bc3 {[%emt 0:00:03]} Nf4 {
[%emt 0:00:02]} 18. Bxg7 {[%emt 0:00:03]} Kxg7 {[%emt 0:00:01]} 19. Qd2 {
[%emt 0:00:03]} Nd3 {[%emt 0:00:01]} 20. Re3 {[%emt 0:00:02]} N3e5 {
[%emt 0:00:02]} 21. Nxe5 {[%emt 0:00:03]} Nxe5 {[%emt 0:00:01]} 22. Ra3 {
[%emt 0:00:04]} Qf1 {[%emt 0:00:03]} 23. Rxa8 {[%emt 0:00:02]} Nd3 {
[%emt 0:00:04]} 24. Rb1 {[%emt 0:00:03]} Ne1 {[%emt 0:00:03]} 25. f3 {
[%emt 0:00:02]} f6 {[%emt 0:00:02]} 26. Ra3 {[%emt 0:00:04]} Rb4 {
[%emt 0:00:02]} 27. Re3 {[%emt 0:00:04]} 1-0

[Event "9. Forchheimer Sparkassen Open 2010"]
[Site "Forchheim"]
[Date "2010.10.03"]
[Round "5.5"]
[White "Götzel, Alfred"]
[Black "Adelhütte, Dennis"]
[Result "0-1"]
[WhiteElo "1952"]
[BlackElo "1942"]
[PlyCount "120"]
[EventDate "2010.??.??"]
[WhiteTeam "SC Höchstadt/Aisch"]
[BlackTeam "SC Erlangen 48/88"]

1. e4 {[%emt 0:00:00]} e6 {[%emt 0:00:02]} 2. d3 {[%emt 0:00:05]} d5 {
[%emt 0:00:01]} 3. Nd2 {[%emt 0:00:02]} c5 {[%emt 0:00:02]} 4. Ngf3 {
[%emt 0:00:02]} Nf6 {[%emt 0:00:02]} 5. g3 {[%emt 0:00:01]} Nc6 {[%emt 0:00:02]
} 6. Bg2 {[%emt 0:00:02]} Be7 {[%emt 0:00:02]} 7. O-O {[%emt 0:00:02]} O-O {
[%emt 0:00:02]} 8. Re1 {[%emt 0:00:02]} Qc7 {[%emt 0:00:01]} 9. Nf1 {
[%emt 0:00:04]} dxe4 {[%emt 0:00:02]} 10. dxe4 {[%emt 0:00:01]} e5 {
[%emt 0:00:01]} 11. h4 {[%emt 0:00:10]} h6 {[%emt 0:00:02]} 12. c3 {
[%emt 0:00:02]} Be6 {[%emt 0:00:01]} 13. Qc2 {[%emt 0:00:02]} Rfd8 {
[%emt 0:00:02]} 14. Be3 {[%emt 0:00:04]} Na5 {[%emt 0:00:00]} 15. N1d2 {
[%emt 0:00:03]} Ng4 {[%emt 0:00:02]} 16. Qa4 {[%emt 0:00:02]} Rd6 {
[%emt 0:00:02]} 17. b4 {[%emt 0:00:02]} Nxe3 {[%emt 0:00:02]} 18. Rxe3 {
[%emt 0:00:02]} Nc4 {[%emt 0:00:13]} 19. Nxc4 {[%emt 0:00:02]} Bxc4 {
[%emt 0:00:02]} 20. b5 {[%emt 0:00:01]} Be6 {[%emt 0:00:02]} 21. Nxe5 {
[%emt 0:00:09]} Bf6 {[%emt 0:00:01]} 22. Nc4 {[%emt 0:00:02]} Bxc4 {
[%emt 0:00:02]} 23. Qxc4 {[%emt 0:00:02]} Rd2 {[%emt 0:00:02]} 24. Rae1 {
[%emt 0:00:05]} Re8 {[%emt 0:00:02]} 25. Rd3 {[%emt 0:00:04]} Rxd3 {
[%emt 0:00:02]} 26. Qxd3 {[%emt 0:00:01]} Qa5 {[%emt 0:00:02]} 27. Qd7 {
[%emt 0:00:02]} Rd8 {[%emt 0:00:02]} 28. Qxb7 {[%emt 0:00:02]} Qxc3 {
[%emt 0:00:02]} 29. Rf1 {[%emt 0:00:02]} Qa5 {[%emt 0:00:25]} 30. e5 {
[%emt 0:00:02]} Bxe5 {[%emt 0:00:01]} 31. Bd5 {[%emt 0:00:02]} Qc7 {
[%emt 0:00:02]} 32. Re1 {[%emt 0:00:03]} Qxb7 {[%emt 0:00:02]} 33. Bxb7 {
[%emt 0:00:01]} Bd4 {[%emt 0:00:02]} 34. Bc6 {[%emt 0:00:02]} c4 {
[%emt 0:00:02]} 35. Re2 {[%emt 0:00:02]} c3 {[%emt 0:00:03]} 36. Be4 {
[%emt 0:00:02]} Rd6 {[%emt 0:00:02]} 37. Bc2 {[%emt 0:00:03]} g6 {
[%emt 0:00:02]} 38. Kf1 {[%emt 0:00:02]} Bc5 {[%emt 0:00:02]} 39. Bb3 {
[%emt 0:00:02]} Kg7 {[%emt 0:00:02]} 40. Ke1 {[%emt 0:00:02]} Bb4 {
[%emt 0:00:02]} 41. Kf1 {[%emt 0:00:06]} Kf8 {[%emt 0:00:01]} 42. Re4 {
[%emt 0:00:02]} Bc5 {[%emt 0:00:02]} 43. Re2 {[%emt 0:00:02]} Rd7 {
[%emt 0:00:01]} 44. Ba4 {[%emt 0:00:02]} Rd4 {[%emt 0:00:03]} 45. Bc2 {
[%emt 0:00:02]} Ba3 {[%emt 0:00:03]} 46. Ke1 {[%emt 0:00:02]} Bc1 {
[%emt 0:00:02]} 47. Kf1 {[%emt 0:00:02]} Rb4 {[%emt 0:00:02]} 48. Bd3 {
[%emt 0:01:20]} Bd2 {[%emt 0:00:02]} 49. Re4 {[%emt 0:00:02]} Rb2 {
[%emt 0:00:02]} 50. Ra4 {[%emt 0:00:02]} c2 {[%emt 0:00:01]} 51. Bxc2 {
[%emt 0:00:02]} Rxc2 {[%emt 0:00:01]} 52. Rxa7 {[%emt 0:00:00]} Rc8 {
[%emt 0:00:02]} 53. b6 {[%emt 0:00:03]} Rb8 {[%emt 0:00:02]} 54. b7 {
[%emt 0:00:02]} Ke7 {[%emt 0:00:02]} 55. a4 {[%emt 0:00:02]} Bb4 {
[%emt 0:00:03]} 56. a5 {[%emt 0:00:02]} Bc5 {[%emt 0:00:06]} 57. Ra8 {
[%emt 0:00:02]} Rxb7 {[%emt 0:00:03]} 58. Rc8 {[%emt 0:00:03]} Kd6 {
[%emt 0:00:05]} 59. Ke2 {[%emt 0:00:25]} Rb2+ {[%emt 0:00:02]} 60. Kd3 {
[%emt 0:00:02]} Bxf2 {[%emt 0:00:02]} 0-1

[Event "9. Forchheimer Sparkassen Open 2010"]
[Site "Forchheim"]
[Date "2010.10.03"]
[Round "5.6"]
[White "Luther, Helmut"]
[Black "Wissel, Daniel"]
[Result "1/2-1/2"]
[WhiteElo "2020"]
[BlackElo "1685"]
[PlyCount "70"]
[EventDate "2010.??.??"]
[WhiteTeam "SW Nürnberg Süd e.V."]
[BlackTeam "SF Sailauf"]

1. d4 {[%emt 0:00:00]} Nf6 {[%emt 0:00:02]} 2. c4 {[%emt 0:00:02]} e6 {
[%emt 0:00:02]} 3. Nf3 {[%emt 0:00:03]} b6 {[%emt 0:00:01]} 4. g3 {
[%emt 0:00:20]} Bb7 {[%emt 0:00:02]} 5. Bg2 {[%emt 0:00:02]} d5 {[%emt 0:00:01]
} 6. O-O {[%emt 0:00:02]} c5 {[%emt 0:00:01]} 7. cxd5 {[%emt 0:00:02]} Nxd5 {
[%emt 0:00:02]} 8. Nh4 {[%emt 0:00:02]} Be7 {[%emt 0:00:02]} 9. dxc5 {
[%emt 0:00:02]} Bxc5 {[%emt 0:00:02]} 10. Qa4+ {[%emt 0:00:02]} Nc6 {
[%emt 0:00:03]} 11. Nc3 {[%emt 0:00:05]} O-O {[%emt 0:00:04]} 12. Nxd5 {
[%emt 0:00:02]} exd5 {[%emt 0:00:01]} 13. Qg4 {[%emt 0:00:03]} Ne5 {
[%emt 0:00:03]} 14. Qh5 {[%emt 0:00:04]} Nd7 {[%emt 0:00:02]} 15. Nf5 {
[%emt 0:00:17]} Qf6 {[%emt 0:00:02]} 16. Qg5 {[%emt 0:00:02]} Rfe8 {
[%emt 0:00:03]} 17. Qxf6 {[%emt 0:00:02]} Nxf6 {[%emt 0:00:01]} 18. e3 {
[%emt 0:00:02]} Rad8 {[%emt 0:00:01]} 19. Rd1 {[%emt 0:00:03]} Bc8 {
[%emt 0:00:02]} 20. Nd4 {[%emt 0:00:02]} a6 {[%emt 0:00:01]} 21. h3 {
[%emt 0:00:07]} Bb7 {[%emt 0:00:02]} 22. b3 {[%emt 0:00:02]} Ne4 {
[%emt 0:00:02]} 23. Bb2 {[%emt 0:00:02]} Bb4 {[%emt 0:00:01]} 24. Rac1 {
[%emt 0:00:03]} Rc8 {[%emt 0:00:03]} 25. a3 {[%emt 0:00:02]} Bc3 {
[%emt 0:00:01]} 26. Bxc3 {[%emt 0:00:02]} Nxc3 {[%emt 0:00:02]} 27. Rd2 {
[%emt 0:00:02]} Ne4 {[%emt 0:00:03]} 28. Rdc2 {[%emt 0:00:05]} Rxc2 {
[%emt 0:00:02]} 29. Rxc2 {[%emt 0:00:07]} Rc8 {[%emt 0:00:01]} 30. Rxc8+ {
[%emt 0:00:13]} Bxc8 {[%emt 0:00:01]} 31. Bf1 {[%emt 0:00:03]} Nd2 {
[%emt 0:00:02]} 32. Bd3 {[%emt 0:00:02]} Ne4 {[%emt 0:00:02]} 33. Kg2 {
[%emt 0:00:02]} Bxh3+ {[%emt 0:00:02]} 34. Kh2 {[%emt 0:00:00]} Bc8 {
[%emt 0:00:04]} 35. f3 {[%emt 0:00:02]} Nc5 {[%emt 0:00:01]} 1/2-1/2

[Event "9. Forchheimer Sparkassen Open 2010"]
[Site "Forchheim"]
[Date "2010.10.03"]
[Round "5.7"]
[White "Stegmaier, Michael"]
[Black "Becker, Matthias"]
[Result "0-1"]
[WhiteElo "1850"]
[BlackElo "1828"]
[PlyCount "40"]
[EventDate "2010.??.??"]
[WhiteTeam "SC Tamm 74"]
[BlackTeam "SC 1975 Paimar"]

1. d4 {[%emt 0:00:00]} Nf6 {[%emt 0:00:02]} 2. Nf3 {[%emt 0:00:02]} g6 {
[%emt 0:00:02]} 3. Nc3 {[%emt 0:00:04]} Bg7 {[%emt 0:00:02]} 4. e4 {
[%emt 0:00:02]} d6 {[%emt 0:00:01]} 5. Be3 {[%emt 0:00:02]} O-O {[%emt 0:00:02]
} 6. Bd3 {[%emt 0:00:02]} Nbd7 {[%emt 0:00:02]} 7. Qd2 {[%emt 0:00:02]} a6 {
[%emt 0:00:02]} 8. Bh6 {[%emt 0:00:03]} b5 {[%emt 0:00:04]} 9. h4 {
[%emt 0:00:03]} Bxh6 {[%emt 0:00:02]} 10. Qxh6 {[%emt 0:00:02]} Ng4 {
[%emt 0:00:20]} 11. Qg5 {[%emt 0:00:02]} Nb6 {[%emt 0:00:03]} 12. h5 {
[%emt 0:00:02]} f6 {[%emt 0:00:02]} 13. Qh4 {[%emt 0:00:02]} g5 {[%emt 0:00:01]
} 14. Nxg5 {[%emt 0:00:02]} fxg5 {[%emt 0:00:01]} 15. Qxg5+ {[%emt 0:00:01]}
Kh8 {[%emt 0:00:02]} 16. h6 {[%emt 0:00:02]} Rg8 {[%emt 0:00:01]} 17. Qh5 {
[%emt 0:00:07]} Qf8 {[%emt 0:00:02]} 18. f3 {[%emt 0:00:03]} Ne3 {
[%emt 0:00:02]} 19. Kf2 {[%emt 0:00:02]} Nxg2 {[%emt 0:00:01]} 20. Rag1 {
[%emt 0:00:03]} Bg4 {[%emt 0:00:02]} 0-1

[Event "9. Forchheimer Sparkassen Open 2010"]
[Site "Forchheim"]
[Date "2010.10.03"]
[Round "5.8"]
[White "Hummel, Thomas"]
[Black "Mager, Denis"]
[Result "1-0"]
[WhiteElo "1715"]
[BlackElo "1678"]
[PlyCount "85"]
[EventDate "2010.??.??"]
[WhiteTeam "TSV Dietfurt/Altm. e.V."]
[BlackTeam "SAbt TuS Makkabi Ffm"]

1. b4 {[%emt 0:00:00]} e6 {[%emt 0:00:01]} 2. Bb2 {[%emt 0:00:01]} Nf6 {
[%emt 0:00:01]} 3. a3 {[%emt 0:00:02]} b6 {[%emt 0:00:02]} 4. e3 {
[%emt 0:00:02]} Bb7 {[%emt 0:00:02]} 5. Nf3 {[%emt 0:00:02]} c5 {[%emt 0:00:05]
} 6. b5 {[%emt 0:00:02]} d5 {[%emt 0:00:02]} 7. d4 {[%emt 0:00:02]} Nbd7 {
[%emt 0:00:02]} 8. Nbd2 {[%emt 0:00:02]} Rc8 {[%emt 0:00:02]} 9. Be2 {
[%emt 0:00:02]} Qc7 {[%emt 0:00:02]} 10. Rc1 {[%emt 0:00:02]} c4 {
[%emt 0:00:02]} 11. c3 {[%emt 0:00:02]} Bd6 {[%emt 0:00:02]} 12. g3 {
[%emt 0:00:03]} O-O {[%emt 0:00:02]} 13. Nh4 {[%emt 0:00:03]} Ra8 {
[%emt 0:00:34]} 14. Ra1 {[%emt 0:00:04]} a6 {[%emt 0:00:01]} 15. a4 {
[%emt 0:00:02]} axb5 {[%emt 0:00:02]} 16. axb5 {[%emt 0:00:01]} Rxa1 {
[%emt 0:00:03]} 17. Bxa1 {[%emt 0:00:00]} Ra8 {[%emt 0:00:03]} 18. O-O {
[%emt 0:00:12]} Ne4 {[%emt 0:00:02]} 19. Nxe4 {[%emt 0:00:02]} dxe4 {
[%emt 0:00:02]} 20. f3 {[%emt 0:00:02]} Nf6 {[%emt 0:00:02]} 21. f4 {
[%emt 0:00:06]} Nd5 {[%emt 0:00:02]} 22. Ng2 {[%emt 0:00:03]} f5 {
[%emt 0:00:01]} 23. g4 {[%emt 0:00:07]} Kh8 {[%emt 0:00:02]} 24. g5 {
[%emt 0:00:03]} Ra5 {[%emt 0:00:02]} 25. Rf2 {[%emt 0:00:03]} Rxb5 {
[%emt 0:00:02]} 26. Qf1 {[%emt 0:00:02]} Ra5 {[%emt 0:00:02]} 27. Bxc4 {
[%emt 0:00:03]} Rxa1 {[%emt 0:00:02]} 28. Qxa1 {[%emt 0:00:03]} Qxc4 {
[%emt 0:00:03]} 29. Qa7 {[%emt 0:00:02]} Qa6 {[%emt 0:00:02]} 30. Qxa6 {
[%emt 0:00:01]} Bxa6 {[%emt 0:00:01]} 31. Ra2 {[%emt 0:00:02]} Nc7 {
[%emt 0:00:02]} 32. h4 {[%emt 0:00:02]} Kg8 {[%emt 0:00:02]} 33. Kf2 {
[%emt 0:00:02]} Kf7 {[%emt 0:00:02]} 34. h5 {[%emt 0:00:02]} Ke7 {
[%emt 0:00:02]} 35. Nh4 {[%emt 0:00:07]} Bc4 {[%emt 0:00:02]} 36. Ra4 {
[%emt 0:00:02]} Bb5 {[%emt 0:00:03]} 37. Ra7 {[%emt 0:00:02]} Ba6 {
[%emt 0:00:02]} 38. d5 {[%emt 0:00:03]} exd5 {[%emt 0:00:02]} 39. Nxf5+ {
[%emt 0:00:08]} Kd7 {[%emt 0:00:03]} 40. Nxg7 {[%emt 0:00:02]} Kc8 {
[%emt 0:00:02]} 41. h6 {[%emt 0:00:05]} Kb8 {[%emt 0:00:02]} 42. Rxa6 {
[%emt 0:00:01]} Nxa6 {[%emt 0:00:03]} 43. g6 {[%emt 0:00:01]} 1-0